| 000 | 00975cam a2200229 4500 | ||
|---|---|---|---|
| 001 | ABS66823 | ||
| 008 | 030630n2003 000 0 eng u | ||
| 035 | _a(Sirsi) u122810 | ||
| 100 | _aBazlinton, C. | ||
| 245 | _aMasters of the craft | ||
| 260 | _c2003 | ||
| 490 |
_aInside Housing _v20(21) 30 May 2003, 14-15(2) |
||
| 520 | _aAttempts to provide a true picture of the country's top housing association developers by going beyond the Housing Corporation's list of Approved Development Programme(ADP) allocations. Assembles a top 50 developers list from a range of sources to show the most active associations and comments on the formative trends in this market. Tables cover the top 50 developers and top 25 ADP allocations. | ||
| 590 | _aABS | ||
| 650 | _aDEVELOPERS | ||
| 650 | _aHOUSING ASSOCIATIONS | ||
| 650 | _aRANKINGS | ||
| 650 | _aAPPROVED DEVELOPMENT PROGRAMME | ||
| 650 | _aHOUSING ALLOCATIONS | ||
| 690 |
_aAffordable housing _96215 |
||
| 942 | _n0 | ||
| 999 |
_c72952 _d72952 |
||